Vor- und Zuführungen in Betreuungs- und Unterbringungsverfahren

Saved in:  
Bibliographic Details
Main Author: Walther, Guy (Author)
Format: Print Article
Language:German
Published: 2007
In: Recht & Psychiatrie
Year: 2007, Volume: 25, Issue: 4, Pages: 167-172
Check availability: HBZ Gateway

MARC

LEADER 00000caa a2200000 c 4500
001 166221538X
003 DE-627
005 20220610110803.0
007 tu
008 071106s2007 xx ||||| 00| ||ger c
035 |a (DE-627)166221538X 
035 |a (DE-576)273772619 
035 |a (DE-599)BSZ273772619 
040 |a DE-627  |b ger  |c DE-627  |e rakwb 
041 |a ger 
100 1 |a Walther, Guy  |4 aut 
109 |a Walther, Guy 
245 1 0 |a Vor- und Zuführungen in Betreuungs- und Unterbringungsverfahren  |c Guy Walther 
264 1 |c 2007 
336 |a Text  |b txt  |2 rdacontent 
337 |a ohne Hilfsmittel zu benutzen  |b n  |2 rdamedia 
338 |a Band  |b nc  |2 rdacarrier 
773 0 8 |i In  |t Recht & Psychiatrie  |d Köln : Psychiatrie-Verl., 1983  |g 25(2007), 4, Seite 167-172  |w (DE-627)130399531  |w (DE-600)604939-4  |w (DE-576)015903133  |x 0724-2247  |7 nnas 
773 1 8 |g volume:25  |g year:2007  |g number:4  |g pages:167-172 
935 |a mkri 
951 |a AR 
ELC |b 1 
LOK |0 000 xxxxxcx a22 zn 4500 
LOK |0 001 3416039866 
LOK |0 003 DE-627 
LOK |0 004 166221538X 
LOK |0 005 20250303154042 
LOK |0 008 160208||||||||||||||||ger||||||| 
LOK |0 040   |a DE-21-110  |c DE-627  |d DE-21-110 
LOK |0 852   |a DE-21-110 
LOK |0 852 1  |m p  |9 00 
LOK |0 935   |a k110 
LOK |0 938   |k p 
LOK |0 939   |a 08-02-16  |b l01 
ORI |a SA-MARC-krimdoka001.raw